| 000 | 00514 a2200169 4500 | ||
|---|---|---|---|
| 005 | 20250506111732.0 | ||
| 020 | _a978-0-07-066702-0 | ||
| 082 | _a658. 15 ROS | ||
| 100 | _aROSS, S. A. | ||
| 245 | _aFundamentals of Corporate Finance | ||
| 250 | _a8th Ed. | ||
| 260 |
_aNew York, _bMcGraw-Hill, _c2010. |
||
| 300 |
_axxxii, 753p.: ill.; picture, table. _bIndex. _c25cm. |
||
| 700 | _aWESTERFIELD, R. W. & JORDAN, B. D. | ||
| 856 |
_yAccess online book _fCorporate Finance _dwww.tatamcgrawhill.com |
||
| 942 |
_2ddc _cBKS |
||
| 999 |
_c2004 _d2004 |
||